Basis of biostatistics (Record no. 359576)

MARC details
000 -LEADER
fixed length control field 00497 a2200193 4500
005 - DATE & TIME
control field 20250421114805.0
008 - FIXED-LENGTH DATA ELEMENTS--GENERAL INFORMATION
fixed length control field 250421b |||||||| |||| 00| 0 eng d
020 ## - ISBN
International Standard Book Number 9789389261877
Price Rs. 295.00
040 ## - CATALOGING SOURCE
Original cataloging agency VIVEKANANDA LIBRARY
082 ## - DDC NUMBER
Classification number 570.15195
Book Number K959B(2)
100 ## - MAIN ENTRY--PERSONAL NAME
Personal name Kulkarni, A P
245 ## - TITLE STATEMENT
Title Basis of biostatistics
250 ## - EDITION STATEMENT
Edition statement 2nd
260 ## - PUBLICATION, DISTRIBUTION, ETC. (IMPRINT)
Name of publisher, distributor, etc CBS Publishers and Distributors
Date of publication, distribution, etc 2024
Place of publication, distribution, etc New Delhi
300 ## - PHYSICAL DESCRIPTION
Pages xi, 124
650 ## - Subject
Subject Biostatistics
650 ## - Subject
Subject Data Collection
942 ## - ADDED ENTRY ELEMENTS (KOHA)
Koha item type Books
Holdings
Withdrawn status Lost status Source of classification or shelving scheme Damaged status Not for loan Location (home branch) Sublocation or collection (holding branch) Shelving location Date acquired Koha issues (times borrowed) Koha full call number Accession No. Koha date last seen Koha item type
    Dewey Decimal Classification     VIVEKANANDA LIBRARY VIVEKANANDA LIBRARY Vivekananda Library 21/01/2025   570.15195 K959B(2) 441594 21/01/2025 Books
© Designed and Maintained by Vivekananda Library, MDU Rohtak